00678nam a22002057a 450000500170000001000150001702000220003202000250005403500130007903700130009208200100010510000210011524500420013626000410017827000700021930000210028994200240031099900170033495201210035120151016110135.0 aENG-113860 a8123700369c95.00 a9788123700366c95.00 aEN-97392 bDBAD/PUB a333.7 aFutehally, Laeeq aOur environment /cby Laeeq Futehally aNew DelhibNational Book Trustc2015 aNehru Bhawan, 5 Institutional Area, Phase -II,bNew Delhie110070 a137p.c22cm(pbk) 2ddccENmFUTh333.7 c95947d95947 001040718NFICaDBADbDBADd2015-08-13eDBAD/PUBg95.00l0o333.7 FUTpEN-97392r2015-08-13 00:00:00t1v95.00yEN